[Event "Ulan Bator Mongolia Fed"]
[Site "Ulan Bator"]
[Date "2024.03.22"]
[Round "3"]
[White "Iderjavkhlan, Tumursukh"]
[Black "Jigjidsuren, Purev"]
[Result "1-0"]
[WhiteElo "1905"]
[BlackElo "2025"]
[PlyCount "101"]
[EventDate "2024.03.21"]
[EventType "swiss"]
[EventRounds "7"]
[EventCountry "MGL"]
[SourceTitle "CB13_2024"]
[SourceDate "2024.03.27"]
[SourceVersion "1"]
[SourceVersionDate "2024.03.27"]
[SourceQuality "1"]

1. d4 d5 2. Bf4 Nf6 3. e3 e6 4. Nf3 c6 5. Nbd2 Nbd7 6. Bd3 Be7 7. Ne5 c5 8. c3 Qb6 9. Rb1 cxd4 10. exd4 Nxe5 11. Bxe5 0-0 12. 0-0 Nd7 13. Nf3 Nxe5 14. Nxe5 g6 15. f4 Bf6 16. g4 Bg7 17. g5 f6 18. gxf6 Bxf6 19. Qg4 Qc7 20. h4 Qg7 21. Kh2 Bxe5 22. fxe5 Bd7 23. Qg5 Rxf1 24. Rxf1 Rf8 25. Rf6 Rxf6 26. exf6 Qf7 27. h5 Be8 28. Kg3 Kh8 29. h6 Kg8 30. Kh4 Qc7 31. Qe5 Qxe5 32. dxe5 Bf7 33. Bb5 Kf8 34. Bd7 Kg8 35. a4 Kf8 36. a5 Kg8 37. Kg5 Kf8 38. Kf4 Bg8 39. b4 b6 40. axb6 axb6 41. Ke3 Kf7 42. Kd4 g5 43. c4 dxc4 44. Kxc4 g4 45. Kb5 Kg6 46. Kxb6 Kf5 47. Kc5 Kxe5 48. b5 g3 49. Bc6 Bf7 50. b6 Be8 51. b7 1-0

[Event "Ulaanbaatar MICA op"]
[Site "Ulaanbaatar"]
[Date "2023.11.01"]
[Round "6"]
[White "Li, Bo"]
[Black "Jigjidsuren, Purev"]
[Result "1-0"]
[WhiteElo "2217"]
[BlackElo "2061"]
[PlyCount "49"]
[EventDate "2023.10.27"]
[EventType "swiss"]
[EventRounds "9"]
[EventCountry "MGL"]
[SourceTitle "CB48_2023"]
[SourceDate "2023.11.29"]
[SourceVersion "1"]
[SourceVersionDate "2023.11.29"]
[SourceQuality "1"]

1. d4 b6 2. c4 Bb7 3. Nc3 Nf6 4. f3 e6 5. e4 d5 6. cxd5 exd5 7. e5 Ng8 8. f4 Ne7 9. Nf3 c6 10. Bd3 Ba6 11. 0-0 Qd7 12. Nh4 Bxd3 13. Qxd3 Qg4 14. g3 Ng6 15. Ng2 Bb4 16. f5 Bxc3 17. bxc3 Ne7 18. Ne3 Qh3 19. Ba3 g6 20. c4 Nxf5 21. Nxf5 gxf5 22. cxd5 Rg8 23. Rxf5 cxd5 24. Qb5+ Nd7 25. Qxd5 1-0

[Event "Ulaanbaatar MICA op"]
[Site "Ulaanbaatar"]
[Date "2023.10.28"]
[Round "2"]
[White "Jigjidsuren, Purev"]
[Black "Tuvsanaa, Nyamaa"]
[Result "1-0"]
[WhiteElo "2061"]
[BlackElo "2230"]
[PlyCount "123"]
[EventDate "2023.10.27"]
[EventType "swiss"]
[EventRounds "9"]
[EventCountry "MGL"]
[SourceTitle "CB48_2023"]
[SourceDate "2023.11.29"]
[SourceVersion "1"]
[SourceVersionDate "2023.11.29"]
[SourceQuality "1"]

1. e4 e6 2. Nc3 d5 3. d3 c5 4. Nf3 Nc6 5. Be2 Nf6 6. 0-0 Be7 7. Re1 0-0 8. Bf1 a6 9. a4 b6 10. h3 Bb7 11. Bf4 Re8 12. g4 Rc8 13. Bg2 dxe4 14. dxe4 Qxd1 15. Raxd1 Nb4 16. Re2 h6 17. Ne5 Rcd8 18. Rxd8 Rxd8 19. Nc4 Rd4 20. Nxb6 Bd8 21. a5 Nc6 22. Be3 Bxb6 23. axb6 Rc4 24. Rd2 Nd4 25. e5 Bxg2 26. Kxg2 Nd7 27. Ne2 Nxb6 28. Nxd4 cxd4 29. Rxd4 Rc8 30. Re4 Nd5 31. c3 Kh7 32. Bc1 Kg6 33. Ra4 Rc6 34. Bd2 Rb6 35. Ra2 Rc6 36. Kf3 h5 37. Ke2 hxg4 38. hxg4 f6 39. exf6 gxf6 40. Kd3 f5 41. gxf5+ Kxf5 42. f3 e5 43. Ra5 Rd6 44. Kc2 Nf4 45. b3 Ne2 46. Be3 Nf4 47. c4 Rg6 48. Bxf4 Kxf4 49. Rd5 Rg2+ 50. Kc3 Rf2 51. c5 Rxf3+ 52. Kb4 e4 53. c6 e3 54. Rd1 e2 55. Re1 Ke3 56. c7 Rf8 57. Ka5 Kd2 58. Ra1 e1Q 59. Rxe1 Kxe1 60. Kxa6 Kd2 61. b4 Kc3 62. b5 1-0

[Event "Ulaanbaatar MICA op"]
[Site "Ulaanbaatar"]
[Date "2023.10.27"]
[Round "1"]
[White "Jigjidsuren, Purev"]
[Black "Amin Erdene, Bayanmunkh"]
[Result "1-0"]
[WhiteElo "2061"]
[BlackElo "1691"]
[PlyCount "151"]
[EventDate "2023.10.27"]
[EventType "swiss"]
[EventRounds "9"]
[EventCountry "MGL"]
[SourceTitle "CB48_2023"]
[SourceDate "2023.11.29"]
[SourceVersion "1"]
[SourceVersionDate "2023.11.29"]
[SourceQuality "1"]

1. e4 e6 2. d3 d5 3. Nc3 Nf6 4. Bg5 Be7 5. Nf3 c5 6. Be2 Nc6 7. 0-0 a6 8. a4 0-0 9. Re1 d4 10. Nb1 e5 11. Nbd2 Be6 12. c4 Nd7 13. Bxe7 Qxe7 14. Nf1 Rab8 15. Ng3 b5 16. axb5 axb5 17. b3 Ra8 18. Qd2 Qd8 19. h3 Nb4 20. Nh2 Ra5 21. Nf5 Rxa1 22. Rxa1 bxc4 23. bxc4 Bxf5 24. exf5 e4 25. Ng4 exd3 26. Bxd3 Nxd3 27. Qxd3 h5 28. Nh2 Ne5 29. Qe2 Re8 30. Rd1 d3 31. Qe4 d2 32. Nf1 Qd4 33. Qxd4 cxd4 34. Nxd2 Rc8 35. Rc1 Nd3 36. Rb1 Ne5 37. Rb4 Nd3 38. Rb5 f6 39. g3 Ne5 40. c5 d3 41. Kf1 Ra8 42. f4 Nc6 43. Rb3 Ra5 44. Rc3 Kf7 45. Kf2 Ke7 46. Ke3 h4 47. g4 Nb4 48. Rc4 Nd5+ 49. Ke4 Nc7 50. c6 Kd6 51. Rc3 Rc5 52. Rxc5 Kxc5 53. Kxd3 Kxc6 54. g5 Ne8 55. Nf3 Kd5 56. g6 Nd6 57. Nxh4 Kc5 58. Ke3 Kc4 59. Kf3 Kd3 60. Kg4 Ke3 61. Nf3 Ne4 62. Ng5 Nf2+ 63. Kg3 Nh1+ 64. Kg4 Nf2+ 65. Kh5 fxg5 66. f6 gxf6 67. g7 Nxh3 68. g8Q Kxf4 69. Qc4+ Kg3 70. Qc3+ Kg2 71. Qxf6 Kg3 72. Qd6+ Kg2 73. Qb8 Nf2 74. Kxg5 Nh3+ 75. Kh4 Nf2 76. Qb7+ 1-0

[Event "Paracin Summer op-A 11th"]
[Site "Paracin"]
[Date "2018.07.13"]
[Round "9"]
[White "Altun, Arda"]
[Black "Jigjidsuren, Purev"]
[Result "0-1"]
[WhiteElo "1955"]
[BlackElo "2183"]
[PlyCount "100"]
[EventDate "2018.07.06"]
[EventType "swiss"]
[EventRounds "9"]
[EventCountry "SRB"]
[SourceTitle "EXT 2019"]
[Source "ChessBase"]
[SourceDate "2018.10.10"]
[SourceVersion "1"]
[SourceVersionDate "2018.10.10"]
[SourceQuality "1"]

1. e4 c5 2. Nf3 e6 3. d3 g6 4. Nbd2 Bg7 5. g3 Ne7 6. Bg2 0-0 7. 0-0 d6 8. c3 Nbc6 9. a3 Qc7 10. Re1 b5 11. Nb3 a5 12. Be3 a4 13. Nc1 Bb7 14. d4 Na5 15. dxc5 dxc5 16. Nd3 Nb3 17. Rb1 Rad8 18. Qe2 e5 19. Nh4 Nc8 20. f4 exf4 21. Bxf4 Qb6 22. Rbd1 Nd6 23. e5 Bxg2 24. Nxg2 Nf5 25. g4 Ne7 26. Ne3 Nd5 27. Nxd5 Rxd5 28. Nf2 Rxd1 29. Rxd1 Re8 30. Rd5 h6 31. h4 Na5 32. Qe4 Nc4 33. Nd3 Qe6 34. Qg2 g5 35. hxg5 hxg5 36. Nxc5 Qg6 37. Bg3 Ne3 38. Qf3 Qb1+ 39. Kh2 Nxd5 40. Qxd5 Qxb2+ 41. Kh3 Qxc3 42. e6 Qf6 43. Qd7 Re7 44. Qd8+ Kh7 45. Ne4 Qf1+ 46. Kh2 Qe2+ 47. Kh3 Qxe4 48. Qxe7 Qh1+ 49. Bh2 Qf1+ 50. Kg3 Be5# 0-1

[Event "Paracin Summer op-A 11th"]
[Site "Paracin"]
[Date "2018.07.10"]
[Round "5"]
[White "Pantelic, Sasa"]
[Black "Jigjidsuren, Purev"]
[Result "1-0"]
[WhiteElo "2316"]
[BlackElo "2183"]
[PlyCount "118"]
[EventDate "2018.07.06"]
[EventType "swiss"]
[EventRounds "9"]
[EventCountry "SRB"]
[SourceTitle "EXT 2019"]
[Source "ChessBase"]
[SourceDate "2018.10.10"]
[SourceVersion "1"]
[SourceVersionDate "2018.10.10"]
[SourceQuality "1"]

1. d4 b6 2. c4 e6 3. Nf3 Bb7 4. g3 Nf6 5. Bg2 Be7 6. Nc3 0-0 7. 0-0 d6 8. Qc2 Nbd7 9. e4 c5 10. d5 exd5 11. cxd5 Re8 12. Re1 Bf8 13. Bf4 a6 14. a4 h6 15. e5 dxe5 16. Nxe5 Nxe5 17. Bxe5 Bd6 18. f4 c4 19. Bxf6 Qxf6 20. Ne4 Qg6 21. Qxc4 Rac8 22. Qb3 Bf8 23. Rad1 Kh8 24. Qf3 Bxd5 25. Rxd5 f5 26. Re5 fxe4 27. Qxe4 Qxe4 28. Bxe4 Bc5+ 29. Kg2 Bd4 30. Rxe8+ Rxe8 31. b3 g6 32. Kf3 Kg7 33. Rc1 Re6 34. Rc7+ Kf8 35. g4 g5 36. f5 Rd6 37. Bd3 a5 38. Bc4 Be5 39. Ke4 Bf6 40. Be6 Bb2 41. h3 Rd4+ 42. Ke3 Rd6 43. Rf7+ Ke8 44. Rh7 Rd1 45. Rxh6 Ke7 46. h4 gxh4 47. Rxh4 Kf6 48. Rh6+ Ke5 49. Kf3 Rd3+ 50. Ke2 Bc1 51. Rg6 Rd2+ 52. Ke1 Rh2 53. Bc4 Rh6 54. Rg8 Bf4 55. Re8+ Kd4 56. Ke2 Bc1 57. Kf3 Rh3+ 58. Kg2 Rh6 59. Re7 Bf4 1-0

[Event "Paracin Summer op-A 11th"]
[Site "Paracin"]
[Date "2018.07.07"]
[Round "2"]
[White "Jigjidsuren, Purev"]
[Black "Lopuszanski, Kamil"]
[Result "1/2-1/2"]
[WhiteElo "2183"]
[BlackElo "1984"]
[PlyCount "145"]
[EventDate "2018.07.06"]
[EventType "swiss"]
[EventRounds "9"]
[EventCountry "SRB"]
[SourceTitle "CBM 185 Extra"]
[Source "ChessBase"]
[SourceDate "2018.07.29"]
[SourceVersion "1"]
[SourceVersionDate "2018.07.29"]
[SourceQuality "1"]

1. e4 e5 2. Nf3 Nc6 3. Bc4 Bc5 4. 0-0 Nf6 5. d3 0-0 6. c3 d6 7. b4 Bb6 8. a4 a6 9. Re1 h6 10. Nbd2 Be6 11. Ba2 Bxa2 12. Rxa2 d5 13. Qb3 dxe4 14. dxe4 Qc8 15. Nc4 Qe6 16. Rb2 Rfe8 17. h3 Rac8 18. Qa2 Nd7 19. Be3 f6 20. Nfd2 Nd8 21. Qb1 Qc6 22. a5 Bxe3 23. Rxe3 Ne6 24. Qf1 Red8 25. Rg3 b5 26. axb6 cxb6 27. Rc2 Qa4 28. Rc1 Nf4 29. Rd1 Qb5 30. Kh2 Nf8 31. Ra1 Rc7 32. Ra2 N8e6 33. Re3 Rcd7 34. g3 Ng6 35. Qc1 Nc7 36. Kg2 Kh7 37. Re1 Qc6 38. Ne3 Ne7 39. Kg1 Qe6 40. Rc2 Qxh3 41. c4 Nc6 42. Nd5 Nxd5 43. exd5 Nxb4 44. Rc3 Qf5 45. Ree3 a5 46. Nf3 Na2 47. Qb2 Nxc3 48. Rxc3 Rd6 49. Re3 Kg8 50. Nd2 Qg4 51. Ne4 Qd1+ 52. Kg2 Qd4 53. Qb5 R6d7 54. Qc6 Kh7 55. g4 Ra7 56. g5 fxg5 57. Qe6 Rf8 58. Nxg5+ Kh8 59. Qg6 hxg5 60. Rh3+ Kg8 61. Qh7+ Kf7 62. Qf5+ Ke8 63. Qc8+ Ke7 64. Qe6+ Kd8 65. Qd6+ Ke8 66. Qe6+ Kd8 67. Qd6+ Rd7 68. Qxf8+ Kc7 69. Rh8 Qf4 70. Kh1 Qe4+ 71. f3 Qe1+ 72. Kg2 Qe2+ 73. Kg1 1/2-1/2

[Event "Ulaanbaatar Monchess"]
[Site "Ulaanbaatar"]
[Date "2011.12.22"]
[Round "7"]
[White "Gunbayar, Myagmarsuren"]
[Black "Jigjidsuren, Purev"]
[Result "1/2-1/2"]
[WhiteElo "2334"]
[BlackElo "2256"]
[PlyCount "32"]
[EventDate "2011.12.20"]
[EventType "tourn"]
[EventRounds "10"]
[EventCountry "MGL"]
[EventCategory "5"]
[SourceTitle "EXT 2013"]
[Source "ChessBase"]
[SourceDate "2012.11.22"]
[SourceVersion "1"]
[SourceVersionDate "2012.11.22"]
[SourceQuality "1"]

1. e4 e5 2. Nf3 Nc6 3. Nc3 Nf6 4. Bb5 Nd4 5. Nxd4 exd4 6. e5 dxc3 7. exf6 Qxf6 8. dxc3 Qe5+ 9. Qe2 Qxe2+ 10. Bxe2 Bc5 11. 0-0 0-0 12. Bf4 d6 13. Bf3 Rb8 14. Rfe1 Be6 15. a3 Rfe8 16. Rad1 Kf8 1/2-1/2

[Event "Ulaanbaatar Monchess"]
[Site "Ulaanbaatar"]
[Date "2011.12.21"]
[Round "5"]
[White "Jigjidsuren, Purev"]
[Black "Batchuluun, Tsegmed"]
[Result "0-1"]
[WhiteElo "2256"]
[BlackElo "2446"]
[PlyCount "46"]
[EventDate "2011.12.20"]
[EventType "tourn"]
[EventRounds "10"]
[EventCountry "MGL"]
[EventCategory "5"]
[SourceTitle "EXT 2013"]
[Source "ChessBase"]
[SourceDate "2012.11.22"]
[SourceVersion "1"]
[SourceVersionDate "2012.11.22"]
[SourceQuality "1"]

1. e4 e6 2. d4 d5 3. e5 c5 4. c3 Nc6 5. Nf3 Qb6 6. a3 Nh6 7. b4 cxd4 8. cxd4 Nf5 9. Bb2 Bd7 10. h4 h5 11. Be2 Rc8 12. 0-0 Be7 13. g3 Na5 14. Nbd2 Nc4 15. Nxc4 dxc4 16. Rc1 a5 17. Bxc4 axb4 18. axb4 Qxb4 19. Qe2 0-0 20. Bd3 Bc6 21. Bc3 Bxf3 22. Bxb4 Bxe2 23. Bxe7 Bxf1 0-1

[Event "Kiselevsk"]
[Site "Kiselevsk"]
[Date "2011.09.04"]
[Round "7"]
[White "Jigjidsuren, Purev"]
[Black "Bayev, Alexander"]
[Result "1/2-1/2"]
[WhiteElo "2235"]
[BlackElo "2366"]
[PlyCount "20"]
[EventDate "2011.08.30"]
[EventType "tourn"]
[EventRounds "9"]
[EventCountry "RUS"]
[EventCategory "3"]
[SourceTitle "CBM 144 Extra"]
[Source "ChessBase"]
[SourceDate "2011.10.28"]
[SourceVersion "1"]
[SourceVersionDate "2011.10.28"]
[SourceQuality "1"]

1. e4 c5 2. Nf3 Nc6 3. Bb5 e5 4. c3 Bd6 5. 0-0 Nge7 6. d4 cxd4 7. cxd4 exd4 8. Nxd4 0-0 9. Nc3 Qc7 10. h3 a6 1/2-1/2

[Event "Kiselevsk"]
[Site "Kiselevsk"]
[Date "2011.09.03"]
[Round "6"]
[White "Denisov, Lev"]
[Black "Jigjidsuren, Purev"]
[Result "0-1"]
[WhiteElo "2321"]
[BlackElo "2235"]
[PlyCount "92"]
[EventDate "2011.08.30"]
[EventType "tourn"]
[EventRounds "9"]
[EventCountry "RUS"]
[EventCategory "3"]
[SourceTitle "CBM 144 Extra"]
[Source "ChessBase"]
[SourceDate "2011.10.28"]
[SourceVersion "1"]
[SourceVersionDate "2011.10.28"]
[SourceQuality "1"]

1. e4 c5 2. Nf3 e6 3. d3 Nc6 4. g3 g6 5. Bg5 Qb6 6. Qc1 Bg7 7. c3 Nge7 8. Bg2 d5 9. 0-0 0-0 10. Re1 f6 11. Bd2 Bd7 12. Na3 Rad8 13. h4 Bc8 14. Nc2 Rfe8 15. Ne3 a6 16. e5 Nxe5 17. Nxe5 fxe5 18. Ng4 Qc7 19. Bh6 Nc6 20. Bxg7 Qxg7 21. Qe3 e4 22. dxe4 d4 23. Qg5 Rf8 24. Qxc5 h5 25. Nh2 Ne5 26. Rad1 dxc3 27. Qxc3 b5 28. Rxd8 Rxd8 29. b3 Nd3 30. Qxg7+ Kxg7 31. Rd1 Rd7 32. Nf3 Kf6 33. Kf1 Nb4 34. e5+ Ke7 35. Rc1 Bb7 36. a4 Nd3 37. Rc3 b4 38. Rc2 Bd5 39. Rc8 Bxb3 40. a5 Ba4 41. Ng5 Nxe5 42. Be4 b3 43. f4 Nc4 44. Ke2 Nd6 45. Rb8 Bb5+ 46. Ke3 Nxe4 0-1

[Event "Kiselevsk"]
[Site "Kiselevsk"]
[Date "2011.08.31"]
[Round "2"]
[White "Jigjidsuren, Purev"]
[Black "Mezentsev, Igor"]
[Result "1-0"]
[WhiteElo "2235"]
[BlackElo "2283"]
[PlyCount "141"]
[EventDate "2011.08.30"]
[EventType "tourn"]
[EventRounds "9"]
[EventCountry "RUS"]
[EventCategory "3"]
[SourceTitle "CBM 144 Extra"]
[Source "ChessBase"]
[SourceDate "2011.10.28"]
[SourceVersion "1"]
[SourceVersionDate "2011.10.28"]
[SourceQuality "1"]

1. e4 e5 2. Nf3 Nc6 3. Bc4 Bc5 4. c3 Nf6 5. d3 d6 6. 0-0 0-0 7. Re1 Bb6 8. Nbd2 Ne7 9. Nf1 Ng6 10. Ng3 Be6 11. Bb3 h6 12. d4 Qc8 13. Bc2 Qd8 14. Nf5 Nh7 15. Be3 Qf6 16. a4 a6 17. dxe5 dxe5 18. Bxb6 cxb6 19. Qd6 Ng5 20. Re3 Rfd8 21. Qxb6 Bxf5 22. Qxf6 Nxf3+ 23. Rxf3 gxf6 24. exf5 Nf4 25. Be4 Rd2 26. b4 Rad8 27. h3 b6 28. Bb7 a5 29. bxa5 bxa5 30. Ba6 Rd1+ 31. Rxd1 Rxd1+ 32. Kh2 Kf8 33. Bb5 Rc1 34. g3 Nd5 35. Rd3 Nxc3 36. Rd8+ Kg7 37. Rc8 Na2 38. Rxc1 Nxc1 39. Bc4 Kf8 40. Kg2 Ke7 41. Kf3 Kd6 42. Ke3 Kc5 43. Bxf7 Kb4 44. Be8 Na2 45. g4 Nc3 46. h4 Kc5 47. Kf3 Kd6 48. Ke3 Kc5 49. Kd3 Nd5 50. Bf7 Nf4+ 51. Ke4 Kd6 52. Bc4 Nh3 53. Kf3 Ke7 54. Bb3 Nf4 55. Ke4 Nh3 56. Ke3 Kd6 57. Bc4 Nf4 58. g5 hxg5 59. hxg5 fxg5 60. f6 Nh5 61. f7 Ke7 62. Ke4 g4 63. Kxe5 g3 64. fxg3 Nxg3 65. Kf4 Nh5+ 66. Kg5 Ng3 67. Bd3 Nh1 68. Kf4 Nf2 69. Bc2 Nh3+ 70. Kg4 Ng1 71. Bd1 1-0

[Event "Decin op"]
[Site "Decin"]
[Date "1995.??.??"]
[Round "2"]
[White "Jigjidsuren, Purev"]
[Black "Meduna, Eduard"]
[Result "1/2-1/2"]
[WhiteElo "2295"]
[BlackElo "2445"]
[PlyCount "134"]
[EventDate "1995.??.??"]
[EventType "swiss"]
[EventRounds "9"]
[EventCountry "CZE"]
[SourceTitle "EXT 1997"]
[Source "ChessBase"]
[SourceDate "1996.11.15"]
[SourceVersion "1"]
[SourceVersionDate "1996.11.15"]
[SourceQuality "1"]

1. e4 c6 2. d4 d5 3. e5 Bf5 4. Nc3 e6 5. g4 Bg6 6. Nge2 f6 7. Nf4 Bf7 8. Qe2 fxe5 9. Qxe5 Nd7 10. Qe2 Qf6 11. g5 Qxd4 12. Nxe6 Bxe6 13. Qxe6+ Ne7 14. Be3 Qe5 15. Bh3 Qxe6 16. Bxe6 Ng6 17. 0-0-0 Be7 18. Rhe1 Rf8 19. Kb1 b6 20. f4 0-0-0 21. f5 Nh4 22. Rf1 Kb7 23. Rd4 Nc5 24. Rxh4 Nxe6 25. f6 h6 26. Re1 gxf6 27. Bc1 Rd6 28. Rxh6 Bd8 29. Rh7+ Ka6 30. g6 Rg8 31. Rg1 Ng5 32. Bf4 Re6 33. Rd7 Nh3 34. Bb8 Re7 35. Rxe7 Bxe7 36. Rg3 Ng5 37. Bf4 Ne6 38. Bc1 f5 39. Ne2 Bd6 40. Rg2 f4 41. Ng1 Nf8 42. g7 Ne6 43. Rg6 Bc5 44. Nf3 Nd4 45. Nxd4 Bxd4 46. Bxf4 Rxg7 47. Rxg7 Bxg7 48. h4 Kb7 49. c3 Kc8 50. h5 Kd7 51. h6 Bf6 52. h7 Ke6 53. Bb8 a6 54. Ba7 Kf7 55. Bxb6 Kg6 56. Kc2 Kxh7 57. Kb3 Kg6 58. Ka4 Kf5 59. Ka5 Ke4 60. Kxa6 Be7 61. a4 c5 62. Kb5 d4 63. cxd4 cxd4 64. Kc4 d3 65. Ba5 Bg5 66. Kb3 Bf6 67. Bd2 Bxb2 1/2-1/2

[Event "Ceske Budejovice op"]
[Site "Ceske Budejovice"]
[Date "1995.??.??"]
[Round "9"]
[White "Jigjidsuren, Purev"]
[Black "Saljova, Silvie"]
[Result "0-1"]
[WhiteElo "2295"]
[BlackElo "2195"]
[PlyCount "76"]
[EventDate "1995.??.??"]
[EventType "swiss"]
[EventRounds "9"]
[EventCountry "CZE"]
[SourceTitle "EXT 1997"]
[Source "ChessBase"]
[SourceDate "1996.11.15"]
[SourceVersion "1"]
[SourceVersionDate "1996.11.15"]
[SourceQuality "1"]

1. e4 e5 2. Nf3 Nf6 3. Nxe5 d6 4. Nf3 Nxe4 5. d4 d5 6. Ne5 Bd6 7. Bd3 0-0 8. 0-0 Re8 9. Nf3 Bg4 10. c4 c6 11. Re1 Nd7 12. Nc3 Ndf6 13. Be3 Bc7 14. cxd5 Nxc3 15. bxc3 Nxd5 16. Rc1 Qd6 17. g3 Qf6 18. Kg2 Ba5 19. Bd2 Rxe1 20. Bxe1 Qh6 21. Be2 Re8 22. Rc2 Qe6 23. Ng1 Qe4+ 24. Kf1 Bf5 25. Rc1 Qh1 26. Bg4 Be4 27. Bf3 Qxh2 28. Bxe4 Rxe4 29. Qa4 Re6 30. Bd2 Rf6 31. Bf4 Nxf4 32. gxf4 Rxf4 33. Rc2 Bxc3 34. Qxa7 h6 35. Qxb7 Bxd4 36. Qb8+ Kh7 37. Qb1 g6 38. Qe1 Rg4 0-1

[Event "Decin op"]
[Site "Decin"]
[Date "1995.??.??"]
[Round "9"]
[White "Kos, Toni"]
[Black "Jigjidsuren, Purev"]
[Result "1-0"]
[WhiteElo "2235"]
[BlackElo "2295"]
[PlyCount "43"]
[EventDate "1995.??.??"]
[EventType "swiss"]
[EventRounds "9"]
[EventCountry "CZE"]
[SourceTitle "EXT 1997"]
[Source "ChessBase"]
[SourceDate "1996.11.15"]
[SourceVersion "1"]
[SourceVersionDate "1996.11.15"]
[SourceQuality "1"]

1. e4 e5 2. Nf3 Nc6 3. d4 exd4 4. Nxd4 Bc5 5. Nf5 d5 6. Nxg7+ Kf8 7. Nh5 dxe4 8. Qxd8+ Nxd8 9. Nc3 f5 10. Bf4 Nc6 11. Nb5 a6 12. Nxc7 Ra7 13. Bc4 b5 14. Bb3 h6 15. c3 Nge7 16. Rd1 Ng6 17. Ne6+ Bxe6 18. Bxe6 Nh4 19. 0-0 Re7 20. Bc8 Rg8 21. Bg3 Nxg2 22. Kxg2 1-0

[Event "Decin op"]
[Site "Decin"]
[Date "1995.??.??"]
[Round "7"]
[White "Tolstikh, Nikolay"]
[Black "Jigjidsuren, Purev"]
[Result "1-0"]
[WhiteElo "2405"]
[BlackElo "2295"]
[PlyCount "79"]
[EventDate "1995.??.??"]
[EventType "swiss"]
[EventRounds "9"]
[EventCountry "CZE"]
[SourceTitle "EXT 1997"]
[Source "ChessBase"]
[SourceDate "1996.11.15"]
[SourceVersion "1"]
[SourceVersionDate "1996.11.15"]
[SourceQuality "1"]

1. Nf3 Nf6 2. c4 c5 3. Nc3 e6 4. g3 b6 5. Bg2 Bb7 6. 0-0 Be7 7. Re1 0-0 8. e4 d6 9. d4 cxd4 10. Nxd4 Ne8 11. Be3 Nd7 12. Rc1 Rc8 13. b3 Qc7 14. f4 Qb8 15. f5 e5 16. Nc2 Nef6 17. Bf2 Qa8 18. Qe2 a6 19. Nb4 Nc5 20. Nd3 Bc6 21. Nxc5 dxc5 22. g4 Nd7 23. h4 f6 24. Be3 Nb8 25. g5 Be8 26. Nd5 Qb7 27. Kh1 Nc6 28. Rg1 Nd4 29. Qg4 Bd8 30. Bh3 Bc6 31. Rg2 Bxd5 32. exd5 Rc7 33. Rcg1 b5 34. Qe4 Rd7 35. h5 fxg5 36. Bxg5 Bxg5 37. Rxg5 Rf6 38. Qxe5 Rdf7 39. h6 Rxh6 40. Rxg7+ 1-0

[Event "MGL"]
[Site "Erdenet"]
[Date "1994.??.??"]
[Round "?"]
[White "Ganbold, Odondoo"]
[Black "Jigjidsuren, Purev"]
[Result "1-0"]
[WhiteElo "2325"]
[BlackElo "2330"]
[PlyCount "97"]
[EventDate "1994.??.??"]
[EventType "tourn"]
[EventRounds "15"]
[EventCountry "MGL"]
[EventCategory "1"]
[SourceTitle "TD"]
[Source "ChessBase"]
[SourceDate "1994.03.01"]
[SourceVersion "1"]
[SourceVersionDate "1994.03.01"]
[SourceQuality "1"]

1. e4 c5 2. Nf3 Nc6 3. Bb5 g6 4. 0-0 Bg7 5. c3 e5 6. Re1 Nge7 7. Na3 0-0 8. d3 a6 9. Bxc6 dxc6 10. Be3 b6 11. Nc4 Bg4 12. h3 Bxf3 13. Qxf3 Rb8 14. Red1 Qd7 15. a4 a5 16. Qg3 Qe6 17. f4 f6 18. Rf1 Rfd8 19. fxe5 fxe5 20. Rad1 h6 21. Qg4 Qxg4 22. hxg4 g5 23. Kf2 Kf7 24. b4 axb4 25. cxb4 b5 26. Na5 cxb4 27. Bc5 bxa4 28. Ke2+ Ke6 29. Bxe7 Kxe7 30. Nxc6+ Ke6 31. Nxd8+ Rxd8 32. Rc1 Bf8 33. Rc6+ Bd6 34. Rb1 Rb8 35. Ra6 a3 36. Rb3 Kd7 37. d4 exd4 38. Kd3 Rc8 39. e5 Be7 40. Kxd4 Rc6 41. Ra8 Ke6 42. Rh3 Kd7 43. Ra7+ Ke8 44. Kd5 Rc5+ 45. Kd4 Rc6 46. Ra5 Rb6 47. Rb3 Kd7 48. Raxa3 Kc6 49. Ra5 1-0

[Event "Dreszer Memorial"]
[Site "Gdynia"]
[Date "1988.??.??"]
[Round "1"]
[White "Bernard, Ryszard"]
[Black "Jigjidsuren, Purev"]
[Result "1-0"]
[WhiteElo "2345"]
[BlackElo "2395"]
[PlyCount "123"]
[EventDate "1988.??.??"]
[EventType "tourn"]
[EventRounds "13"]
[EventCountry "POL"]
[EventCategory "5"]
[SourceTitle "EXT 1997"]
[Source "ChessBase"]
[SourceDate "1996.11.15"]
[SourceVersion "1"]
[SourceVersionDate "1996.11.15"]
[SourceQuality "1"]

1. e4 e5 2. Nf3 Nc6 3. Bb5 g6 4. c3 a6 5. Ba4 d6 6. d4 Bd7 7. 0-0 Bg7 8. Re1 Nh6 9. dxe5 b5 10. Bb3 dxe5 11. Be3 Qe7 12. h3 f6 13. a4 Rb8 14. axb5 axb5 15. Bd5 Nd8 16. b4 Ne6 17. Ra6 c6 18. Bxc6 Bxc6 19. Rxc6 Nf7 20. Qb3 Nfd8 21. Ra6 Kf7 22. Rd1 Re8 23. Bc5 Qc7 24. Bd6 Qb7 25. Qa2 Qd7 26. Rd2 Rb7 27. Bxe5 Qc8 28. Bg3 Bh6 29. Rdd6 Bf8 30. Ra8 Qc4 31. Qxc4 bxc4 32. Rda6 Nc5 33. R6a7 Nxe4 34. Rxb7+ Nxb7 35. Rxe8 Kxe8 36. Nfd2 Nxg3 37. fxg3 Nd6 38. Na3 f5 39. Naxc4 Nb5 40. Nb1 Bg7 41. Kf2 Bxc3 42. Nd6+ Nxd6 43. Nxc3 Kd7 44. Ke3 Kc6 45. Kf4 Nf7 46. Ke3 Kd6 47. Kd4 Kc6 48. b5+ Kd6 49. Nd5 Ng5 50. Nf4 Ne4 51. g4 Ng3 52. g5 Ne4 53. h4 Nc5 54. Nd5 Nb3+ 55. Kc3 Nc1 56. Nf4 Kc5 57. Kb2 Kxb5 58. Kxc1 Kc4 59. Kd2 Kd4 60. Ke2 Ke4 61. Nxg6 hxg6 62. h5 1-0

[Event "Dreszer Memorial"]
[Site "Gdynia"]
[Date "1988.??.??"]
[Round "7"]
[White "Jigjidsuren, Purev"]
[Black "Nicevski, Risto"]
[Result "1/2-1/2"]
[WhiteElo "2395"]
[BlackElo "2380"]
[PlyCount "116"]
[EventDate "1988.??.??"]
[EventType "tourn"]
[EventRounds "13"]
[EventCountry "POL"]
[EventCategory "5"]
[SourceTitle "EXT 1997"]
[Source "ChessBase"]
[SourceDate "1996.11.15"]
[SourceVersion "1"]
[SourceVersionDate "1996.11.15"]
[SourceQuality "1"]

1. e4 c5 2. Ne2 Nc6 3. Nbc3 Nf6 4. g3 d5 5. exd5 Nd4 6. Bg2 Bg4 7. 0-0 Nxd5 8. f3 Bf5 9. d3 Nb4 10. Nxd4 cxd4 11. Ne4 Rc8 12. Rf2 e6 13. a3 Nd5 14. Bd2 Be7 15. Bf1 0-0 16. Rb1 Qd7 17. Bg2 Rc7 18. Ra1 Rfc8 19. Bc1 Qa4 20. b3 Qd7 21. f4 h6 22. Kh1 Bg6 23. g4 f5 24. Ng3 Ne3 25. Bxe3 dxe3 26. Re2 Qd4 27. gxf5 Bxf5 28. Nxf5 exf5 29. c4 Qxf4 30. Qf1 Qd4 31. Ree1 f4 32. Be4 Bd6 33. Qh3 Qf6 34. Rf1 Rf8 35. Rf3 Re7 36. Re1 Bxa3 37. Rexe3 Bd6 38. Re1 Rff7 39. Rg1 b6 40. Rg6 Rxe4 41. Rxf6 Re1+ 42. Rf1 Rxf1+ 43. Qxf1 Rxf6 44. Qf3 a5 45. d4 Kh8 46. Kg2 Bf8 47. Kf2 g6 48. Kf1 h5 49. Kf2 Kh7 50. Qd5 f3 51. c5 bxc5 52. dxc5 Bxc5+ 53. Qxc5 Rf5 54. Qe7+ Kg8 55. h4 Kh8 56. Qe6 Kg7 57. Qe3 Kh7 58. Qa7+ Kg8 1/2-1/2